Melanie Martinez - Sippy Cup Lyrics - Statistics

General Stats
  • This quiz has been taken 2,424 times
  • The average score is 367 of 428
Answer Stats
Lyric % Correct
a
99%
I
99%
the
99%
are
98%
cup
98%
sippy
98%
Sippy
98%
still
98%
when
98%
you
98%
You
98%
in
97%
In
97%
Kids
96%
up
96%
depressed
95%
dress
95%
Of
95%
them
95%
is
94%
Blood
93%
blood
93%
lights
93%
Sex
93%
syrup
93%
Syrup
93%
don't
92%
sleep
92%
And
91%
off
91%
He
90%
he?
90%
sheets
90%
It
89%
it
89%
stains
89%
washed
89%
your
89%
Your
89%
that
88%
with
84%
bottle
82%
course
82%
dead
80%
He's
78%
it's
78%
money
78%
corpse
75%
does
75%
done
75%
honey?
75%
keep
74%
love
74%
you're
74%
dumb
73%
How
73%
I'm
73%
cradle
72%
doesn't
72%
ring
72%
think
72%
fluffing
71%
girl
70%
go
69%
Silly
69%
silly
69%
this
69%
We
69%
we
69%
afford
68%
another
68%
drug
68%
Just
68%
to
68%
at
66%
did
66%
shift
66%
boys
65%
matter
64%
company
63%
what
63%
on
61%
call
58%
Pill
57%
pill
57%
if
55%
If
55%
diet
54%
inside
54%
they
53%
All
52%
all
52%
goes
52%
home
52%
silicone
52%
will
52%
know
51%
make
51%
own
50%
pull
50%
ass
49%
then
49%
kill
47%
try
47%
world
46%
give
44%
insecure
44%
less
44%
makeup
44%
won't
44%
yourself
44%
buy
43%
say
42%
new
41%
cotton
35%
pockets
35%
doctor's
34%
teeth
34%
got
33%
weights
33%
why
33%
favorite
32%
rotten
32%
that's
32%
candy's
31%
sut
6%
No matching quizzes found
Score Distribution
Percent of People with Each Score
Percentile by Number Answered
Your Score History
You have not taken this quiz